Ley Estatal de Salud : iniciativa, exposición de motivos, debate, decreto /

محفوظ في:
التفاصيل البيبلوغرافية
مؤلف مشترك: Nuevo León
التنسيق: كتاب
اللغة:الإسبانية
منشور في: Monterrey, México : Congreso del Estado de Nuevo León, LXV Legislatura, 1990
الوسوم: إضافة وسم
لا توجد وسوم, كن أول من يضع وسما على هذه التسجيلة!

MARC

LEADER 00000nam^a2200000^a^4500
001 000432168
005 20250526000000.0
009 20260310123008.248
037 |a Acervo ITESO - Biblioteca 
041 |a ESP 
091 |a FHM. 05885 
110 |a Nuevo León 
245 1 0 |a Ley Estatal de Salud :  |b iniciativa, exposición de motivos, debate, decreto / 
264 1 |a Monterrey, México :  |b Congreso del Estado de Nuevo León, LXV Legislatura,  |c 1990 
300 |a 184 p. ;  |c 21.0 cm. 
336 |a texto  |b txt  |2 rdacontenido 
337 |a sin mediación  |b n  |2 rdamedio 
338 |a volumen  |b nc  |2 rdasoporte 
649 |a XX 
910 |a Fondo Hugo B. Margáin 
920 |a Impresos - Libros 
930 |a Libros Antiguos y Raros 
905 |a 126 
901 |a 0500315277  |b IT2  |c LRA  |i D106325  |u 20250526 
902 |a https://opac.biblio.iteso.mx/vufind/Record/000432168